000 00828nam a2200265 i 4500
001 C2-0251182
003 PPAK
005 20180727214654.0
008 030813s2003 my a|||| ||||| | may d
020 _a9830782220
040 _aPPAK
_beng
_cPPAK
_erda
082 0 4 _a394.309595123
_223
090 0 0 _a394.309595123
_bSEL
_dK
245 0 0 _aSelambut, wa pepet, kepit sodok (Pahang)
264 1 _aPetaling Jaya, Selangor :
_bPustaka Murni ,
_c2003
300 _a48 pages :
_billustrations ;
_c26 cm
336 _2rdacontent
_atext
337 _2rdamedia
_aunmediated
338 _2rdacarrier
_avolume
490 1 _aWarisan permainan dan kebudayaan
650 1 0 _aGames - Pahang ; Malays - Pahang - Social life and customs
700 0 _aRosnah Din,
_ecompile
830 0 _aWarisan permainan dan kebudayaan
942 _ddc
_cB
999 _c64417
_d64417